Всеобщая история в четырех томах (Запис номер 432341)
[ съкратено ]
| 000 -Лидер | |
|---|---|
| Контролно поле с фиксирана дължина | nam a22 a 4500 |
| 003 - Код на организацията, давaща контролен номер | |
| Контролно поле | BLK |
| 005 - Дата и час на последна редакция | |
| Контролно поле | 20210920104929.0 |
| 008 - Елементи от данни с фиксирана дължина | |
| fixed length control field | 201022b bu |||||r|||||||| ||bu d |
| 040 ## - Източник на каталожния запис | |
| Идентификатор на билиотеката - собственик на записа | BLK |
| 041 ## - Код за език | |
| Код за езика на текст/звукозапис или на отделно заглавие | Руски |
| Код за езика КДБФ | Руски |
| 080 ## - УДК | |
| Текстов определител УДК | Обща световна история. История на света |
| УДК код - определител по УДК | 94(100) |
| УДК - код + определител | 94(100) |
| 100 ## - Редна дума - Автор | |
| R(LIN) | 1299 |
| Автор | Иегер, Оскар |
| Авторска отговорност | първи автор |
| 139 ## - Редно поле | |
| Редна дума | Иегер, Оскар |
| 245 ## - Сведения за заглавието | |
| Заглавие | Всеобщая история в четырех томах |
| Редно поле (дума) | Оскар Иегер ; Пер. и доп. под ред. П. Н. Полевого |
| Том | Т. 3. |
| Заглавие на том | Новая история |
| 260 ## - Област на издателските данни | |
| 9 (RLIN) | 213438 |
| Място на издаване, разпространение и проч. | Санкт-Петербург |
| Име на издателя, разпространителя и проч. | А. Ф. Маркс |
| Година на издаване | 1894 |
| 300 ## - Физическа характеристика | |
| Размери/Мащаб | 24,5 см |
| Страници | VI, 665 с., 23 л. ил., карт., 2 л. объясн. текста |
| Илюстрации и др. | ил., карт. |
| 380 ## - Жанр | |
| Жанр | История |
| 490 ## - СЕРИИ (Колекции) | |
| 9 (RLIN) | 435080 |
| Име на серия | Колекция Редки и ценни издания |
| 650 #0 - Допълнително описание по предмет – тема | |
| 9 (RLIN) | 464834 |
| Основно описание – тема или топоним | История, нова |
| 700 ## - Други автори (авторска отговорност) | |
| 9 (RLIN) | 759 |
| Лично име | Полевой, Петр Николаевич |
| Автороска отговорност (Описва отношението между автора и произведението) | пер. |
| 760 ## - Описание на основната серия | |
| Страници - том | VI, 665 с., 23 л. ил., карт., 2 л. объясн. текста |
| Част - том | Т. 3 |
| Заглавие | Новая история |
| 852 ## - Местоположение | |
| Форматна сигнатура | Рр 894 |
| Фондова буква | Редки и ценни |
| 999 ## - СИСТЕМНИ КОНТРОЛНИ НОМЕРА | |
| Koha biblionumber | 432341 |
| Koha biblioitemnumber | 432341 |
| 942 ## - АРТИКУЛИ | |
| Вид на библиотечния материал | Книги |
| Скрит в OPAC | Не |
| Периодичен библиозапис | Да |
| 944 ## - СЪЗДАВАНЕ И РЕДАКЦИЯ на ЗАПИСА | |
| Създаване/Редакция | Създаване |
| Дата на регистрацията/редакция | 2021-09-20 |
| Служител, извършил регистрацията/редакцията | Ренета Константинова |
| Код за отписване | Код за изгубен артикул | Източник на класификационната схема | Код за повреда | Коз за рестрикции | Код за отдаване | Артикулен № | Име на библиотеката - собственик | Име на библиотеката, в която се намира в момента | Статус (Текущо местоположение) | Дата на вписване в системата | Местоположение - отдел | Цена в лева | Инвентарен номер | Систематично азбучна сигнатура | Баркод | Цена в евро | Служебен тип на артикула |
|---|---|---|---|---|---|---|---|---|---|---|---|---|---|---|---|---|---|
| Не е изгубен | Universal Decimal Classification | Не е повреден | само за читалня | Специални фондове ( старопечатни, редки и ценни, фонд М. Арнаудов) | 855604 | Регионална библиотека "Любен Каравелов" Русе | Регионална библиотека "Любен Каравелов" Русе | Редки и ценни | 2021-09-27 | Редки и ценни | 6.00 | 459816 | Рр 894 | 120000459816 | 3.07 | Книги | |
| Не е изгубен | Universal Decimal Classification | Не е повреден | само за читалня | Специални фондове ( старопечатни, редки и ценни, фонд М. Арнаудов) | 855608 | Регионална библиотека "Любен Каравелов" Русе | Регионална библиотека "Любен Каравелов" Русе | Редки и ценни | 2021-09-27 | Редки и ценни | 7.00 | 251682 | Рр 894 | 120000251682 | 3.58 | Книги |